[Event "SLO-chT1 East"]
[Site "Slovenia"]
[Date "2019.09.08"]
[Round "3.4"]
[White "Nareks, Matic"]
[Black "Hocevar, Maja"]
[Result "0-1"]
[WhiteElo "1979"]
[BlackElo "1936"]
[PlyCount "74"]
[EventDate "2019.09.06"]
[EventType "team-tourn"]
[EventRounds "9"]
[EventCountry "SLO"]
[SourceTitle "EXT 2020"]
[Source "ChessBase"]
[SourceDate "2019.10.17"]
[SourceVersion "1"]
[SourceVersionDate "2019.10.17"]
[SourceQuality "1"]
[WhiteTeam "Celjski"]
[BlackTeam "Pomgrad Radenska II"]
[WhiteTeamCountry "SLO"]
[BlackTeamCountry "SLO"]

1. e4 c5 2. Nf3 d6 3. d4 cxd4 4. Nxd4 Nf6 5. Nc3 e6 6. g4 Be7 7. Bg2 a6 8. h3 Qc7 9. Be3 Nc6 10. Qe2 0-0 11. f4 Nd7 12. 0-0-0 Rb8 13. f5 Nxd4 14. Bxd4 b5 15. h4 b4 16. Nb1 a5 17. g5 e5 18. Be3 Bb7 19. h5 Rfc8 20. g6 h6 21. gxf7+ Kxf7 22. Bf3 Nc5 23. Qg2 Bf6 24. Rhg1 Ba6 25. Kd2 Na4 26. Kc1 b3 27. axb3 Rxb3 28. Bxh6 Rxb2 29. Na3 Ra2 30. Bxg7 Ra1+ 31. Nb1 Rxb1+ 32. Kxb1 Qb6+ 33. Kc1 Qb2+ 34. Kd2 Rxc2+ 35. Ke1 Rxg2 36. Rxg2 Bh4+ 37. Rg3 Bxg3# 0-1

[Event "SLO-chT (Women)"]
[Site "Maribor"]
[Date "2019.04.05"]
[Round "2.1"]
[White "Hocevar, Maja"]
[Black "Groselj, Kaja"]
[Result "1-0"]
[WhiteElo "1928"]
[BlackElo "1499"]
[PlyCount "100"]
[EventDate "2019.04.04"]
[EventType "team-tourn"]
[EventRounds "7"]
[EventCountry "SLO"]
[SourceTitle "CBM 190 Extra"]
[Source "ChessBase"]
[SourceDate "2019.07.15"]
[SourceVersion "1"]
[SourceVersionDate "2019.07.15"]
[SourceQuality "1"]
[WhiteTeam "Pomgrad Radenska (W)"]
[BlackTeam "Domzale Tajfun (W)"]
[WhiteTeamCountry "SLO"]
[BlackTeamCountry "SLO"]

1. e4 d5 2. exd5 Qxd5 3. Nc3 Qd6 4. d4 Nf6 5. Nb5 Qb6 6. c4 c6 7. Nc3 Bf5 8. Nf3 e6 9. c5 Qd8 10. h3 Be7 11. Be2 0-0 12. 0-0 Nd5 13. Nxd5 Qxd5 14. Be3 Nd7 15. Nd2 Nf6 16. Bf3 Qd7 17. Nc4 Nd5 18. Qb3 Qc7 19. Bxd5 exd5 20. Nd2 Rfe8 21. Rfe1 Bf6 22. Nf1 Re7 23. Qc3 Rae8 24. b4 a6 25. a4 Qc8 26. Rec1 h5 27. Ng3 h4 28. Nh5 Re6 29. Kh1 Bh7 30. Ra2 Bf5 31. Nxf6+ Rxf6 32. Bg5 Rg6 33. Bxh4 Be4 34. f3 Bf5 35. f4 Be4 36. Kh2 Rh6 37. Bg3 Ree6 38. b5 Rh8 39. bxa6 bxa6 40. Rb2 Reh6 41. h4 Qc7 42. Kg1 Rg6 43. Qe3 Kh7 44. Kf2 Rg4 45. Rc3 Re8 46. Kg1 Rxg3 47. Qxg3 Qxf4 48. Qe3 Qf6 49. Rf2 Qe7 50. Qf4 Rb8 1-0

[Event "SLO-chT1 East"]
[Site "Slovenia"]
[Date "2017.11.10"]
[Round "4"]
[White "Hocevar, Maja"]
[Black "Petauer, Janez"]
[Result "1-0"]
[WhiteElo "1946"]
[BlackElo "1925"]
[PlyCount "89"]
[EventDate "2017.09.29"]
[EventType "team-tourn"]
[EventRounds "9"]
[EventCountry "SLO"]
[SourceTitle "EXT 2019"]
[Source "ChessBase"]
[SourceDate "2018.10.10"]
[SourceVersion "1"]
[SourceVersionDate "2018.10.10"]
[SourceQuality "1"]
[WhiteTeam "Pomgrad Radenska II"]
[BlackTeam "Celjski"]
[WhiteTeamCountry "SLO"]
[BlackTeamCountry "SLO"]

1. e4 c5 2. Nf3 e6 3. d4 cxd4 4. Nxd4 Nf6 5. Bd3 Nc6 6. Be3 Ne5 7. h3 Be7 8. 0-0 0-0 9. Nb5 b6 10. Bf4 Nxd3 11. Qxd3 Ba6 12. N1c3 Ne8 13. Rfd1 d6 14. Qg3 Bxb5 15. Nxb5 Bh4 16. Qd3 e5 17. Be3 Be7 18. Rd2 a6 19. Nc3 Bg5 20. Rad1 Bxe3 21. Qxe3 f5 22. exf5 Rxf5 23. Ne4 Qc7 24. Qb3+ Kh8 25. Nxd6 Nxd6 26. Rxd6 Raf8 27. R6d2 Qc5 28. Qe3 Qb5 29. b3 Qc6 30. c4 Qg6 31. Rd8 Kg8 32. Rxf8+ Kxf8 33. Qd3 Qf6 34. Qd6+ Qe7 35. Qxb6 Rf6 36. Qd8+ Qxd8 37. Rxd8+ Ke7 38. Rd5 Ke6 39. Kf1 Rg6 40. g3 Rh6 41. h4 Kf5 42. Ke2 Re6 43. Ke3 Rg6 44. c5 Rc6 45. b4 1-0

[Event "SLO-chT (Women)"]
[Site "Ljubljana"]
[Date "2014.04.10"]
[Round "4.1"]
[White "Unuk, Laura"]
[Black "Hocevar, Maja"]
[Result "1-0"]
[WhiteElo "2046"]
[BlackElo "1950"]
[PlyCount "77"]
[EventDate "2014.04.04"]
[EventType "team-tourn"]
[EventRounds "7"]
[EventCountry "SLO"]
[SourceTitle "EXT 2019"]
[Source "ChessBase"]
[SourceDate "2018.10.10"]
[SourceVersion "1"]
[SourceVersionDate "2018.10.10"]
[SourceQuality "1"]
[WhiteTeam "Komenda (W)"]
[BlackTeam "Pomgrad Radenska (W)"]
[WhiteTeamCountry "SLO"]
[BlackTeamCountry "SLO"]

1. c4 c5 2. Nf3 Nf6 3. Nc3 Nc6 4. g3 g6 5. Bg2 Bg7 6. 0-0 0-0 7. d4 cxd4 8. Nxd4 Nxd4 9. Qxd4 d6 10. Qd3 Ng4 11. b3 Ne5 12. Qc2 Nc6 13. Bb2 Be6 14. Rad1 Qc8 15. e4 Bg4 16. Rd2 Be6 17. f4 f5 18. Kh1 fxe4 19. Nxe4 Bxb2 20. Qxb2 Bh3 21. Ng5 Bxg2+ 22. Rxg2 h6 23. Nf3 Kh7 24. Re1 Rf7 25. Nh4 e5 26. Qb1 Qe6 27. Qe4 Raf8 28. Rf2 Kg7 29. g4 Qf6 30. Ng2 g5 31. f5 Rh8 32. Ne3 h5 33. gxh5 Qh6 34. f6+ Kf8 35. Qf5 Nd8 36. Qc8 Ke8 37. Ng4 Qxh5 38. Nxe5 Qh3 39. Ng6+ 1-0

[Event "SLO-chT (Women)"]
[Site "Ljubljana"]
[Date "2014.04.04"]
[Round "1.1"]
[White "Hocevar, Maja"]
[Black "Dimitrijevic, Aleksandra"]
[Result "0-1"]
[WhiteElo "1950"]
[BlackElo "2278"]
[PlyCount "78"]
[EventDate "2014.04.04"]
[EventType "team-tourn"]
[EventRounds "7"]
[EventCountry "SLO"]
[SourceTitle "EXT 2019"]
[Source "ChessBase"]
[SourceDate "2018.10.10"]
[SourceVersion "1"]
[SourceVersionDate "2018.10.10"]
[SourceQuality "1"]
[WhiteTeam "Pomgrad Radenska (W)"]
[BlackTeam "Maribor ZSK (W)"]
[WhiteTeamCountry "SLO"]
[BlackTeamCountry "SLO"]

1. e4 d6 2. d4 Nf6 3. Bd3 e5 4. Ne2 Be7 5. c3 c5 6. 0-0 0-0 7. h3 a6 8. a4 b6 9. Nd2 Re8 10. d5 Nbd7 11. Nc4 Nf8 12. f4 exf4 13. Nxf4 Ng6 14. Nxg6 hxg6 15. Bf4 Ra7 16. Qf3 Rd7 17. e5 dxe5 18. Nxe5 Rxd5 19. Bc4 Bb7 20. Bxd5 Bxd5 21. Qd3 Qa8 22. Nf3 c4 23. Qc2 Bc5+ 24. Nd4 Be4 25. Qf2 Bd3 26. Rfe1 Ne4 27. Qf3 f5 28. b4 Be7 29. Rad1 Bh4 30. g3 Bf6 31. Rxd3 cxd3 32. Qxd3 Qc8 33. Rc1 Rd8 34. Kh2 g5 35. Be3 Be5 36. Qe2 Nxg3 37. Qa2+ Kh8 38. Kg2 Qb7+ 39. Kg1 Qh1+ 0-1

[Event "SLO-chT1 East"]
[Site "Sentjur"]
[Date "2013.10.26"]
[Round "8"]
[White "Nikl Hutinski, Emanuel"]
[Black "Hocevar, Maja"]
[Result "1/2-1/2"]
[WhiteElo "1592"]
[BlackElo "1971"]
[PlyCount "25"]
[EventDate "2013.10.17"]
[EventType "team-tourn"]
[EventRounds "9"]
[EventCountry "SLO"]
[SourceTitle "EXT 2015"]
[Source "ChessBase"]
[SourceDate "2014.11.20"]
[SourceVersion "1"]
[SourceVersionDate "2014.11.20"]
[SourceQuality "1"]

1. e4 c5 2. Nc3 d6 3. g3 Nf6 4. Bg2 e6 5. d3 Be7 6. f4 Nbd7 7. Nf3 0-0 8. 0-0 a6 9. h3 Qc7 10. g4 Nb6 11. Qe1 Bd7 12. g5 Ne8 13. h4 1/2-1/2

[Event "SLO-chT (Women)"]
[Site "Ljubljana"]
[Date "2013.04.21"]
[Round "4.2"]
[White "Mar, Karmen"]
[Black "Hocevar, Maja"]
[Result "1-0"]
[WhiteElo "2165"]
[BlackElo "1982"]
[PlyCount "109"]
[EventDate "2013.04.18"]
[EventType "team-tourn"]
[EventRounds "7"]
[EventCountry "SLO"]
[SourceTitle "EXT 2015"]
[Source "ChessBase"]
[SourceDate "2014.11.20"]
[SourceVersion "1"]
[SourceVersionDate "2014.11.20"]
[SourceQuality "1"]
[WhiteTeam "Kocevje (W)"]
[BlackTeam "Radenska Pomgrad (W)"]
[WhiteTeamCountry "SLO"]
[BlackTeamCountry "SLO"]

1. e4 c5 2. Nf3 d6 3. Nc3 Nf6 4. d4 cxd4 5. Qxd4 Nc6 6. Bb5 Bd7 7. Bxc6 Bxc6 8. Bg5 e6 9. 0-0-0 Be7 10. Qd3 Qa5 11. h4 h6 12. Bd2 Qb6 13. Nd4 a6 14. f3 Nd7 15. Nb3 Ne5 16. Qe2 Rc8 17. f4 Nd7 18. f5 e5 19. g4 Qc7 20. Kb1 b5 21. Bc1 b4 22. Nd5 Bxd5 23. exd5 a5 24. Be3 a4 25. Nc1 Qc4 26. Qd3 Nf6 27. g5 Qxd3 28. Rxd3 hxg5 29. Bxg5 Rc5 30. Rhd1 Ne4 31. Be3 Rb5 32. Rg1 Kf8 33. Bg5 f6 34. Bd2 Rxh4 35. Be1 Rf4 36. Re3 Ng5 37. Nd3 Rxf5 38. Nxb4 Nf3 39. Rg4 Rg5 40. Rxg5 Nxg5 41. Ra3 Ra5 42. c4 Ne4 43. Nc6 Ra8 44. b3 Ke8 45. bxa4 Kd7 46. a5 Nc5 47. a6 Bd8 48. a7 f5 49. Rh3 Bf6 50. Kc2 Kc7 51. Ba5+ Kb7 52. Rh1 Na6 53. Rb1+ Kc8 54. Rb6 Nc7 55. Rb8+ 1-0

[Event "SLO-chT (Women)"]
[Site "Ljubljana"]
[Date "2013.04.18"]
[Round "1.2"]
[White "Hocevar, Maja"]
[Black "Dimitrijevic, Aleksandra"]
[Result "0-1"]
[WhiteElo "1982"]
[BlackElo "2254"]
[PlyCount "88"]
[EventDate "2013.04.18"]
[EventType "team-tourn"]
[EventRounds "7"]
[EventCountry "SLO"]
[SourceTitle "EXT 2015"]
[Source "ChessBase"]
[SourceDate "2014.11.20"]
[SourceVersion "1"]
[SourceVersionDate "2014.11.20"]
[SourceQuality "1"]
[WhiteTeam "Radenska Pomgrad (W)"]
[BlackTeam "Maribor ZSK (W)"]
[WhiteTeamCountry "SLO"]
[BlackTeamCountry "SLO"]

1. e4 c5 2. Nf3 d6 3. d4 cxd4 4. Nxd4 Nf6 5. Nc3 Nc6 6. Be2 g6 7. 0-0 Bg7 8. Nb3 0-0 9. Bg5 Be6 10. Rb1 Rc8 11. f4 Na5 12. Kh1 Nxb3 13. cxb3 Rxc3 14. bxc3 Nxe4 15. Rc1 Nxc3 16. Qd2 Ne4 17. Qe3 Nxg5 18. fxg5 Qa5 19. a4 d5 20. Qf4 d4 21. Bc4 Bxc4 22. Rxc4 Qd5 23. Qf3 Qd7 24. Rfc1 d3 25. Rd1 Rd8 26. Kg1 h6 27. gxh6 Bxh6 28. Qg3 Qd5 29. Qh3 Bf8 30. Qf3 e5 31. Qxd5 Rxd5 32. Kf2 f5 33. g4 e4 34. gxf5 gxf5 35. Rc7 Bc5+ 36. Kg2 f4 37. Rxb7 Rg5+ 38. Kh3 f3 39. b4 Rg1 40. Rxg1+ Bxg1 41. Kg3 Bxh2+ 42. Kf2 Bg1+ 43. Kxg1 d2 44. Rd7 e3 0-1

[Event "SLO-chT1 Ost"]
[Site "Maribor"]
[Date "2012.10.12"]
[Round "2"]
[White "Hocevar, Maja"]
[Black "Spacapan, Simon"]
[Result "1/2-1/2"]
[WhiteElo "1974"]
[BlackElo "1890"]
[PlyCount "85"]
[EventDate "2012.10.11"]
[EventType "team-tourn"]
[EventRounds "9"]
[EventCountry "SLO"]
[SourceTitle "EXT 2022"]
[Source "ChessBase"]
[SourceDate "2021.10.06"]
[SourceVersion "1"]
[SourceVersionDate "2021.10.06"]
[SourceQuality "1"]

1. e4 c5 2. Nf3 d6 3. d4 cxd4 4. Nxd4 Nf6 5. Nc3 e6 6. Bd3 Be7 7. 0-0 0-0 8. Kh1 a6 9. a4 Qc7 10. f4 Nc6 11. Nxc6 bxc6 12. Qe2 d5 13. e5 Nd7 14. Qh5 g5 15. Qh6 Rd8 16. Rf3 Bb7 17. Rh3 Nf8 18. Ne2 f5 19. Nd4 Bc5 20. Nf3 Bb6 21. Nxg5 c5 22. Bd2 a5 23. Bb5 d4 24. Bc4 Bd5 25. Bb5 Rac8 26. b3 Qe7 27. Nf3 Be4 28. Bd3 Bxd3 29. cxd3 Rb8 30. Be1 Bc7 31. Bh4 Qd7 32. Bxd8 Bxd8 33. Nd2 Qb7 34. Rf3 Qb4 35. Rd1 Nd7 36. Qh3 Nb6 37. g4 Nd5 38. gxf5 exf5 39. Rf2 Ne3 40. Re1 Qc3 41. Rxe3 dxe3 42. Qxe3 Be7 43. Kg2 1/2-1/2